000 00416nam a2200169Ia 4500
008 230524s9999 xx 000 0 und d
082 _a540
_bMOH
100 _aB.K.Mohapatra
245 0 _aText Book of Engineering Chemistry-I
250 _a3RD
260 _aCUTTACK
_bKitab Mahal
_c2006
300 _aIV;286
500 _aQuantity Number: 10
650 _aChemistry
700 _a Rashmi Acharya
942 _cBK
999 _c37507
_d37507